| 000 | 00543cam a2200181 a 4500 | ||
|---|---|---|---|
| 001 | 000007636 | ||
| 005 | 20200929154236.0 | ||
| 008 | 910401s1990 cu 001 e spa | ||
| 040 |
_aDO-SdBNP _cDLC _dDLC |
||
| 082 |
_aCu868.44 _bB261a |
||
| 100 | 1 |
_aBarnet, Miguel, _d1940- _914781 |
|
| 245 | 1 | 0 |
_aAutógrafos cubanos / _cMiguel Barnet. |
| 260 |
_aLa Habana : _bUnión, _c1990. |
||
| 300 |
_a151 p. ; _c23 cm. |
||
| 650 | 4 |
_aArte cubano _ySIGLO XX _921185 |
|
| 650 | 4 |
_aAutores cubanos _vBIOGRAFÍAS _921186 |
|
| 910 | _aCatalogación por copia / LC | ||
| 999 |
_c7416 _d7416 |
||